000 00713nam a2200193 a 4500
001 000044636
005 20240316073902.0
008 141210s2008 sp 000 0 spa d
020 _a9789945130751
040 _aDO-SdBNP
_bspa
_cBNPHU
100 1 _aConcepción, Luis Alberto
_972655
245 1 3 _aEl enigma de los elementales /
_cLuis Alberto Concepción ; edición Tomás Castro Burdiez, Marina Aybar Gómez.
260 _aSanto Domingo :
_bMediabyte,
_c2008.
300 _a202 p. ;
_c21 cm.
500 _aIncluye datos biográficos del autor en la solapa de la contracubierta
504 _aBibliografía : p. 201
700 1 2 _aAybar Gómez, Marina
_eed.
_972321
700 2 _aCastro, Tomás,
_d1959-
_eed.
_924641
999 _c44125
_d44125